000 00362nam a2200133Ia 4500
005 20260326235457.0
008 260326s9999||||xx |||||||||||||| ||und||
100 _aCarrasquilla Botero, Juan
245 0 _aQuintas y estancias de Santa Fe y Bogotá /
_cJuan Carrasquilla Botero
260 _bPresencia
300 _a227 p.
650 _aDISEÑO URBANO
942 _cBK
999 _c7957
_d7957